02156 a2200349 45000010006000000050017000060080041000230030015000640400040000790800022001192450100001410200022002412640033002633000026002965051010003220410008013321000026013407000027013667000031013937000028014247000028014527000027014807000023015077000023015307000025015537000026015787000033016047000019016377000026016567000029016828560095017114326520260407155716.0260407a2017 arg spa dAR-UNSa-BCEJYS aAR-UNSa-BCEJYSbspacAR-UNSa-BCEJYS a336.22xImpuestos10aReforma tributaria 2017pImpuesto a las ganancias, monotributo y creación de nuevos impuestos a978-987-03-3233-6 1aBuenos Aires :bLa Leyc2017 axviii, 489 p.c24 cm. a1. Introducción general / Luis Omar Fernández - 2. Los cambios en la determinación del impuesto a las ganancias de las personas humanas y las sucesiones indivisas para el año 2017 / Marcelo R. Corti - 3. Nuevas deducciones en el impuesto a las ganancias - 4. El privilegio de trabajar en el Poder Judicial y los límites del consenso de la política - 5. Imputación al año fiscal de ajustes de tributos - 6. Casos prácticos de liquidación del impuesto a las ganancias - 7. Las horas extras en el impuesto a las ganancias - 8. Modificaciones al régimen simplificado para pequeños contribuyentes establecidas por la ley 27.346 - 9. Los nuevos impuestos al juego y a las apuestas - 10. Impuesto extraordinario a las operaciones de dólar futuro ley 27.346 - 11. El responsable sustituto en el IVA por prestaciones realizadas en el país por sujetos del exterior - 12. Algunos aspectos constitucionales de la reforma de ganancias 2016 - 13. El nuevo tipo penal del juego clandestino -  aspa1 aBertazza, Humberto J.1 aCorti, Marcelo Rubén1 aDalmasio, Adalberto Raúl1 aDíaz Ortiz, José A.1 aDomínguez, Marcelo E.1 aFernández, Luis Omar1 aLitvin, César R.1 aMarconi, Ana Clara1 aMarconi, Norberto J.1 aNicolini, Juan Carlos1 aRajmilovich, Darío Marcelo1 aSerra, Marcelo1 aSpisso, Rodolfo Roque1 aUserpater, Mirta Noemí41uhttps://biblioeco.unsa.edu.ar/pmb/images/libros/L126588.jpgyImagen de portadaqimage/jpeg